000 00856nam a22002057a 4500
999 _c11389
_d11389
003 AR-CdUCM
008 190403b ||||| |||| 00| 0 spa d
040 _aMUNICIPALIDAD PROVINCIAL DEL CUSCO
_cBIBLIOTECA MUNICIPAL DEL CUSCO
082 _22ed.
_aC / 869.5019 /
_bN56P
100 _aNieto, Luis
_911864
245 _aPoesía Cuzqueña :
_bDerrotero para una ubicación de la poesía Cusqueña contemporánea /
260 _aCusco :
_bEdiciones Sol y Piedra,
_c1956.
300 _a185 páginas ;
_c23 cm.
505 _aContenido: t.1: Panorama literario -- Ubicación y mensaje de Colónida -- Los precursores: rumbo a la definición -- La reforma Universitaria -- El modernismo y su presencia en el Perú ...
650 _aPoesía peruana
_9806
650 _aHistoria y crítica
_95993
650 _aSiglo XX
_98
942 _2ddc
_cLIBROS
945 _aachl